II RP - DATY - Statystyki

Ogólne statystyki
  • Ten quiz został rozwiązany 41 razy
  • Średni wynik to 5 z 25
Statystyki odpowiedzi
Hint Odpowiedź % Poprawnych
Odzyskanie przez Polskę niepodległości po 123 latach zaborów. 11 listopada 1918
77%
I Powstanie Śląskie (represje Niemców) (sierpień) 1919
53%
II Powstanie Śląskie (przed plebiscytem) (sierpień) 1920
53%
bunt generała Żeligowskiego Litwa Środkowa 1920
53%
III Powstanie Śląskie (po plebiscycie) (maj-lipiec) 1921
40%
Wybuch Powstania Wielkopolskiego przeciwko Niemcom. 27 grudnia 1918
30%
Reforma Walutowa Władysława Grabskiego 1924
23%
Podpisanie polsko-niemieckiego paktu o nieagresji. 1934
23%
Wybory brzeskie 1930
20%
Podpisanie polsko-radzieckiego paktu o nieagresji. 1932
20%
Pakt Ribbentrop-Mołotow – tajny układ między III Rzeszą a ZSRR o podziale Europy Środkowo-Wschodniej. 23 sierpnia 1939
17%
Zaślubiny Polski z Bałtykiem w Pucku 10 lutego 1920
13%
Zamach majowy Józefa Piłsudskiego, przejęcie władzy przez sanację 12 maja 1926
13%
Śmierć Józefa Piłsudskiego 12 maja 1935
13%
Zamach na Gabriela Narutowicza, zakończony jego śmiercią. 16 grudnia 1922
13%
Traktat Ryski kończący wojnę polsko-bolszewicką 18 marca 1921
13%
Wybór Gabriela Narutowicza na pierwszego prezydenta II RP 9 grudnia 1922
13%
.Konstytucja marcowa 17 marca 1921
10%
wybuch wojny polsko-bolszewickiej 14 lutego 1919
7%
Konstytucja Kwietniowa 23 kwietnia 1935
7%
Budowa COP 1936-1939
3%
Bitwa warszawska 13-22 sierpnia 1920
0%
wojna celna z Niemcami 1925-1934
0%
Polska zajmuje Zaolzie po układzie monachijskim 2 października 1938
0%
nowela sierpniowa sierpień 1926
0%
Nie znaleziono quizów pasujących do podanych kryteriów
Rozkład punktacji
Procent ludzi z każdym wynikiem
Percentyl według liczby udzielonych odpowiedzi
Twoja historia wyników
Nie rozwiązałeś tego quizu